| 000 -LEADER |
| fixed length control field |
00465cam a22001457a 4500 |
| 008 - FIXED-LENGTH DATA ELEMENTS--GENERAL INFORMATION |
| fixed length control field |
180718b1969 xxu||||| |||| 00| 0 eng d |
| 082 ## - DEWEY DECIMAL CLASSIFICATION NUMBER |
| Classification number |
Y 4 x42 N515 |
| 100 ## - MAIN ENTRY--PERSONAL NAME |
| Personal name |
Nicholls,D.C. |
| 245 ## - TITLE STATEMENT |
| Title |
Use of land for forestry within the proprietary land unit |
| Statement of responsibility, etc. |
By D.C. Nicholls |
| 260 ## - PUBLICATION, DISTRIBUTION, ETC. |
| Place of publication, distribution, etc. |
London |
| Name of publisher, distributor, etc. |
HMSO |
| Date of publication, distribution, etc. |
1969 |
| 300 ## - PHYSICAL DESCRIPTION |
| Extent |
77p. |
| 500 ## - GENERAL NOTE |
| General note |
Forestry commission bulletin No.39 |
| 650 ## - SUBJECT ADDED ENTRY--TOPICAL TERM |
| Topical term or geographic name entry element |
Regional planning -- Great Britain |
| 650 ## - SUBJECT ADDED ENTRY--TOPICAL TERM |
| Topical term or geographic name entry element |
Forest policy -- Great Britain |